Sme vzdelaní, chýba nám istota

Projekt Euromanažment ľudských zdrojov. Formovanie eurokvalifikácie v členských aj asociovaných krajinách Európskej únie. Rozvinutie manažmentu ľudských zdrojov na zásadách a požiadavkach euromanažmentu. Hlavné vlastnosti manažérov 21. stor. Potrebné zmeny v štruktúre riadenia. Opatrenia na zvyšovan...

Full description

Saved in:
Bibliographic Details
Main Author: Mihalik, Jozef
Format: Book Chapter
Language:Slovak
Subjects:
Tags: Add Tag
No Tags, Be the first to tag this record!

MARC

LEADER 00000naa a2200000 4500
001 r022385
005 20230801104410.1
041 0 |a slo 
044 |a SK 
245 1 0 |a Sme vzdelaní, chýba nám istota  |c Jozef Mihalik 
520 |a Projekt Euromanažment ľudských zdrojov. Formovanie eurokvalifikácie v členských aj asociovaných krajinách Európskej únie. Rozvinutie manažmentu ľudských zdrojov na zásadách a požiadavkach euromanažmentu. Hlavné vlastnosti manažérov 21. stor. Potrebné zmeny v štruktúre riadenia. Opatrenia na zvyšovanie efektívnosti v manažmente ľudských zdrojov. 
610 2 0 |a Slovensko 
610 2 0 |a Európska únia 
610 2 0 |a kariéra 
610 2 0 |a zdroje ľudské 
610 2 0 |a vzdelanie 
610 2 0 |a manažéri 
610 2 0 |a kvalifikácia 
610 2 0 |a štruktúra riadenia 
100 1 |a Mihalik, Jozef